Arte barroco de Madrid / (Record no. 120824)

MARC details
000 -LEADER
campo de control de longitud fija 00695nam a2200217 4500
001 - NÚMERO DE CONTROL
campo de control 120824
003 - IDENTIFICADOR DE NÚMERO DE CONTROL
campo de control ES-MaACL
005 - FECHA Y HORA DE LA ÚLTIMA TRANSACCIÓN
campo de control 20230906191629.0
007 - CAMPO FIJO DE DESCRIPCIÓN FÍSICA--INFORMACIÓN GENERAL
campo de control de longitud fija t|
008 - DATOS DE LONGITUD FIJA--INFORMACIÓN GENERAL
campo de control de longitud fija 070214s1918 sp r ||||1| spa d
100 1# - ENTRADA PRINCIPAL--NOMBRE DE PERSONA
Nombre de persona Prast, Antonio.
9 (RLIN) 93657
245 10 - MENCIÓN DEL TÍTULO
Título Arte barroco de Madrid /
Mención de responsabilidad, etc. texto de Antonio Prast ; dibujos de Julio Bustos.
260 ## - PUBLICACIÓN, DISTRIBUCIÓN, ETC.
Lugar de publicación, distribución, etc. Barcelona :
Nombre del editor, distribuidor, etc. M. Bayes,
Fecha de publicación, distribución, etc. 1918.
300 ## - DESCRIPCIÓN FÍSICA
Extensión 6h., 30 p., 50 lám. ;
Dimensiones 36 cm.
490 1# - MENCIÓN DE SERIE
Mención de serie Estudio completo de arte barroco en España
500 ## - NOTA GENERAL
Nota general Es el t. I.
700 1# - ENTRADA AGREGADA--NOMBRE PERSONAL
Nombre de persona Bustos, Julio.
9 (RLIN) 32922
830 0# - PUNTO DE ACCESO ADICIONAL DE SERIE-TÍTULO UNIFORME
Título uniforme Estudio completo de arte barroco en España
9 (RLIN) 218702
852 ## - LOCALIZACIÓN
Ubicación ES-MaACL
Número de control de estantería Z-108
Encuadernación Olim: C-6737
Holdings
Estatus retirado Estado de pérdida Estado de daño No para préstamo Biblioteca de origen Biblioteca actual Ubicación en estantería Fecha de adquisición Fuente de adquisición Total de préstamos Signatura topográfica completa Código de barras Visto por última vez Precio de reemplazo Tipo de ítem Koha
        Biblioteca del Ateneo de Madrid Biblioteca del Ateneo de Madrid Depósito Z 17/01/2008     Z-108 1125932 23/02/2023 23/02/2023 Libro impreso